00426pam a2200157 a 4500020000500000040002500005041001300030082002000043100002000063245006600083260004000149300001300189365001300202653003300215700002000248 c aMedical College Libr aENGhENG a618.929975bSHA aShah, B. R. . aAtlas of Pediatric Clinical Diagnosis / chTextual Documents aLondon : bW. B. Saunders , c2000. a867 ; c a3,642=00 aPaediatricsaMedical Science aLaude, T. A. .